| 000 | 00594nam a2200157 a 4500 | ||
|---|---|---|---|
| 001 | 000040007 | ||
| 003 | DO-SdBNP | ||
| 005 | 20220330141011.0 | ||
| 008 | 130802s1952 pr 000 0 spa d | ||
| 040 |
_aDO-SdBNP _bspa _cBNPHU |
||
| 245 | 0 | 0 |
_aTortura de los presos politÃcos en Puerto Rico : _bdenuncia elevada a la organizacion de los Estados Americanos / _c:. |
| 260 |
_aLa Habana : _bPartido Nacionalista de Puerto Rico _bSecretaria de Relaciones Exteriores, _c1952. |
||
| 300 |
_a100 p. : _bil., retr. ; _c18 cm. |
||
| 710 | 1 |
_aPartido Nacionalista de Puerto Rico, _966238 |
|
| 942 |
_2ddc _cLBS1 |
||
| 999 |
_c39497 _d39497 |
||